| 000 | 00915nas a2200289 4500 | ||
|---|---|---|---|
| 001 | BR0700678 | ||
| 003 | BR-BrBNA | ||
| 005 | 20231205110530.0 | ||
| 007 | ta | ||
| 008 | 230509b bl.|||p| |||| 00| 00por d | ||
| 040 |
_aBR-BrBNA _bpor _cBiblioteca Nacional de Agricultura |
||
| 041 | _a(Pt) | ||
| 072 | _aH10 | ||
| 100 | 1 | _aBotelho, P.S.M. | |
| 100 | 1 | _aParra, J.R.P. | |
| 100 | 1 | _aMagrini, E.A. | |
| 100 | 1 | _aHaddad, M.L. | |
| 100 | 1 | _aResende, L.C.L. | |
| 245 | 1 | _aParasitismo de ovos de Diatraea saccharalis (Fabr.)por Trichogramma galloi Zucchi, em diferentes variedades de cana-de-açucar | |
| 650 | _aCANA DE AÇUCAR | ||
| 650 | _aBROCA | ||
| 650 | _aCONTROLE BIOLÓGICO | ||
| 650 | _aPARASITISMO | ||
| 773 | 0 |
_tAnais da Sociedade Entomológica do Brasil (Brazil) _xISSN 0301-8059 _g(1995), v. 24(1) p. 141-145 _wBR0700678 |
|
| 909 |
_a202311 _bLúcia _c55 _dLúcia Elande |
||
| 942 |
_2AGRIS _n0 _cANA |
||
| 999 |
_c187773 _d187773 |
||